• 首页
  • 本馆介绍
  • 公告通知
  • 最新文献
  • 馆藏检索
  • 电子资源
  • 读者导购
  • 参考咨询
  • 我的图书馆
  • 登录
  • 详细信息显示
  • 放入我的书架
  • 预约/预借图书
  • 作者相关作品
  • 分类相关作品
  • 丛书相关作品
  • 出版社相关作品

书目信息

  • 表格格式
  • 工作单格式
  • 卡片格式
题名:
太平天国文书汇编
    
 
作者: ;太平天国历史博物馆 编
分册:  
出版信息: 北京   中华书局  1979.8
页数: 565页
开本: 20cm
丛书名:
单 册:
中图分类: K254.06
科图分类:
主题词: 中国--历史--1840~1949
电子资源:
ISBN:
000 00579nam0 2200193 45
001 0312221749
005 20070729091116.51
010    @dCNY2.05
091    @a11018.734
100    @a20031222d1979 km y0chiy0120 ea
101    @achi
200 1  @a太平天国文书汇编@ATai Ping Tian Guo Wen Shu Hui Bian@f太平天国历史博物馆编@FTai Ping Tian Guo Li Shi Bo Wu Guan Bian
210    @a北京@c中华书局@d1979.8
215    @a565页@d20cm
606 0  @a中国@x历史@z1840~1949
690    @aK254.06@v3
711 02 @a太平天国历史博物馆@4编
801    @aCN@bTSTCL@c20070729
905    @dK254.06@e22
    
    太平天国文书汇编/太平天国历史博物馆编.-北京:中华书局,1979.8
    565页;20cm
    
    
    ISBN :CNY2.05
    
●
相关链接 在E读中查询图书 在五车中查询图书 在当当中查询图书 在豆瓣中查询图书


正题名:太平天国文书汇编     索取号:K254.06/22         预约/预借

序号 登录号 条形码 馆藏地/架位号 状态 备注
1 0144418   001285148   第二借阅区/ [索取号:K254.06/22] 在馆    
2 0144419   001285200   第二借阅区/ [索取号:K254.06/22] 在馆    
3 0144420   001285139   第二样本阅览室/ [索取号:K254.06/22] 在馆    
4 0420771   204207713   密集书库/ [索取号:K254.06/22] 在馆    
5 0785660   207856603   密集书库/ [索取号:K254.06/22] 在馆    
欢迎您!
大连网信软件有限公司© 版权所有